| 000 | 01043cam a2200301 a 4500 | ||
|---|---|---|---|
| 001 | |||
| 003 | DO-SdBNP | ||
| 005 | 20210514124014.0 | ||
| 007 | |||
| 008 | 020930s2017 dr a 000 1 spa | ||
| 010 | _a | ||
| 020 | _a9789945492965 | ||
| 040 |
_aBPMSU _cspa _bBPMSU |
||
| 082 |
_aPa861.08 _bA634p 2017 _222 |
||
| 245 | 1 | 4 |
_aParaguái ñe ẽ : _bantología de poesía paraguaya / _ccompilación y selección de Bernardo Neri Farina, Susy Delgado y Javier Viveros |
| 260 |
_aSanto Domingo : _bMinisterio de Cultura ; _bSociedad de Escritores de Paraguay, _c 2017 |
||
| 300 |
_a395 p. ; _c25 cm. _b |
||
| 500 | _aIncluye datos biográficos de los compiladores en la solapa de la cubierta | ||
| 590 | _6Inventariado, 2021/VM | ||
| 650 | 4 |
_aPoesía paraguaya _vColecciones |
|
| 650 | 4 |
_aLiteratura paraguaya _v |
|
| 700 | 1 |
_a Neri Farina, Bernardo _ecomp. |
|
| 700 | 1 |
_aDelgado, Susy _ecomp. |
|
| 700 | 1 |
_aViveros, Javier _ecomp. |
|
| 710 | 2 | _aSociedad de Escritores de Paraguay | |
| 910 | _aVMateo | ||
| 942 |
_2ddc _cBK |
||
| 999 |
_c13498 _d13498 |
||